[Event "Madrid-ch Previa-B"]
[Site "Madrid"]
[Date "2022.03.12"]
[Round "5"]
[White "Muminov, Suhayl"]
[Black "Aldea Moreno, Marina"]
[Result "1/2-1/2"]
[WhiteElo "1658"]
[BlackElo "1611"]
[PlyCount "120"]
[EventDate "2022.03.03"]
[EventType "swiss"]
[EventRounds "9"]
[EventCountry "ESP"]
[SourceTitle "EXT 2023"]
[Source "ChessBase"]
[SourceDate "2022.10.05"]
[SourceVersion "1"]
[SourceVersionDate "2022.10.05"]
[SourceQuality "1"]

1. e4 d6 2. d4 Nf6 3. Nc3 g6 4. h3 Nbd7 5. g4 c6 6. Bg2 e5 7. Nge2 Bg7 8. Be3 a6 9. Qc1 b5 10. a3 Rb8 11. Bh6 Bxh6 12. Qxh6 Qb6 13. Rd1 b4 14. axb4 Qxb4 15. dxe5 dxe5 16. 0-0 a5 17. g5 Nh5 18. Bf3 Nf4 19. Nxf4 exf4 20. Qg7 Qf8 21. Qd4 Rb4 22. Qd2 Qc5 23. Qxf4 0-0 24. Bg4 Qe5 25. Qxe5 Nxe5 26. Bxc8 Rxc8 27. f4 Nc4 28. Rf2 Rxb2 29. Rd4 Nb6 30. Na4 Kf8 31. Nxb6 Rxb6 32. Ra4 Rb5 33. c3 Rd8 34. Kg2 Rd3 35. Rf3 Rd2+ 36. Kg3 Rc2 37. Ra3 Ke7 38. Rf2 Rc1 39. Rfa2 Ke6 40. Rxa5 Rxc3+ 41. Kg4 Rb4 42. Re5+ Kd6 43. Rd2+ Kc7 44. Re7+ Kb6 45. Rxf7 Rxe4 46. Rxh7 Ree3 47. Rg2 c5 48. Rd7 Kc6 49. Rg7 Re6 50. Ra2 Kd5 51. Ra4 c4 52. Ra5+ Kd4 53. Rd7+ Ke3 54. f5 Re4+ 55. Kg3 Ke2+ 56. Kg2 gxf5 57. Rxf5 Ree3 58. Rf2+ Ke1 59. Rf1+ Ke2 60. Rf2+ Ke1 1/2-1/2

[Event "Madrid-ch Previa-B"]
[Site "Madrid"]
[Date "2022.03.04"]
[Round "2"]
[White "Muminov, Suhayl"]
[Black "Baeza Escudero, Javier"]
[Result "0-1"]
[WhiteElo "1658"]
[BlackElo "1849"]
[PlyCount "138"]
[EventDate "2022.03.03"]
[EventType "swiss"]
[EventRounds "9"]
[EventCountry "ESP"]
[SourceTitle "EXT 2023"]
[Source "ChessBase"]
[SourceDate "2022.10.05"]
[SourceVersion "1"]
[SourceVersionDate "2022.10.05"]
[SourceQuality "1"]

1. e4 e6 2. b3 d5 3. Bb2 Nf6 4. e5 Nfd7 5. f4 c5 6. Nf3 Nc6 7. Bb5 Be7 8. d3 Qa5+ 9. Nc3 d4 10. Bxc6 bxc6 11. Nd2 dxc3 12. Nc4 Qc7 13. Bxc3 Nb6 14. Ba5 Ba6 15. Bxb6 axb6 16. Ne3 b5 17. Qg4 g6 18. c4 Rd8 19. 0-0-0 Qa5 20. Kb2 bxc4 21. dxc4 Rd2+ 22. Rxd2 Qxd2+ 23. Nc2 0-0 24. Rd1 Qa5 25. Rd7 Re8 26. h4 Bc8 27. Rd3 Rd8 28. Rh3 Qd2 29. h5 Rd3 30. hxg6 fxg6 31. Rh1 Qc3+ 32. Kb1 Rd2 33. Rc1 Qd3 34. g3 Rg2 35. Qh3 Rxg3 36. Qh2 Qf3 37. Re1 Qxf4 38. Rh1 h5 39. Qe2 Rg5 40. Re1 Bf8 41. Qd3 Qf7 42. Qd8 Rg2 43. Qxc8 Qf5 44. Rc1 h4 45. Qxc6 h3 46. Kb2 Qxe5+ 47. Ka3 Qd6 48. Qa8 Qd2 49. Rf1 Rf2 50. Rxf2 Qxf2 51. Qe4 Qf5 52. Qe2 Bg7 53. Ne1 Qf7 54. Ka4 Qd7+ 55. Ka5 Qc6 56. Qd2 h2 57. Qd8+ Kf7 58. b4 h1Q 59. a4 Qa8+ 60. Qxa8 Qxa8+ 61. Kb5 cxb4 62. Kxb4 Bf8+ 63. Kc3 Qa5+ 64. Kd4 Qxe1 65. a5 Qxa5 66. Ke4 Qc5 67. Kf4 Bh6+ 68. Kg4 Qe3 69. c5 Bf4 0-1

[Event "Alcorcon Diagonal op 1st"]
[Site "Alcorcon"]
[Date "2022.01.29"]
[Round "3"]
[White "Arnedo Vigueras, Miguel"]
[Black "Muminov, Suhayl"]
[Result "0-1"]
[WhiteElo "1406"]
[BlackElo "1564"]
[PlyCount "118"]
[EventDate "2022.01.15"]
[EventType "swiss"]
[EventRounds "7"]
[EventCountry "ESP"]
[SourceTitle "EXT 2023"]
[Source "ChessBase"]
[SourceDate "2022.10.05"]
[SourceVersion "1"]
[SourceVersionDate "2022.10.05"]
[SourceQuality "1"]

1. e4 c6 2. d4 d5 3. exd5 cxd5 4. c3 Nc6 5. Ne2 Nf6 6. Bf4 Bg4 7. h3 Bh5 8. Qd2 e6 9. Ng3 Bg6 10. Bd3 Bd6 11. Bxg6 hxg6 12. 0-0 0-0 13. Qe3 b5 14. Nd2 Bxf4 15. Qxf4 Qb6 16. Nb3 Nd7 17. Rfe1 Rfc8 18. Qe3 Ne7 19. h4 b4 20. h5 bxc3 21. bxc3 Rc7 22. Rac1 Rac8 23. f3 a5 24. Kf2 a4 25. Na1 Qb2+ 26. Re2 Qa3 27. Rec2 Nb6 28. Qd3 Nc4 29. Rh1 Nd6 30. Ne2 Rc4 31. Qd2 gxh5 32. Rxh5 Nb5 33. Rh1 Nxc3 34. Qe3 Ne4+ 35. fxe4 Qxe3+ 36. Kxe3 Rxc2 37. Nxc2 Rxc2 38. Kd3 Rxa2 39. e5 Nf5 40. g4 Rxe2 41. gxf5 Rg2 42. fxe6 fxe6 43. Rh4 a3 44. Kc3 Kf7 45. Rh1 Kg6 46. Kb3 a2 47. Kc3 Kg5 48. Kb3 Kg4 49. Kc3 g5 50. Kd3 Kg3 51. Ke3 g4 52. Ra1 Rh2 53. Rg1+ Kh3 54. Kf4 Rf2+ 55. Ke3 g3 56. Ra1 Kg2 57. Re1 Rb2 58. Rc1 Kh2 59. Kf3 g2 0-1

[Event "Collado Villalba op 38th"]
[Site "Collado Villalba"]
[Date "2021.08.29"]
[Round "9"]
[White "Muminov, Suhayl"]
[Black "Rodriguez del Moral, Angel"]
[Result "1-0"]
[WhiteElo "1407"]
[BlackElo "1719"]
[PlyCount "73"]
[EventDate "2021.08.21"]
[EventType "swiss"]
[EventRounds "9"]
[EventCountry "ESP"]
[SourceTitle "EXT 2022"]
[Source "ChessBase"]
[SourceDate "2021.10.06"]
[SourceVersion "1"]
[SourceVersionDate "2021.10.06"]
[SourceQuality "1"]

1. e4 c5 2. b3 e6 3. Bb2 Nf6 4. Nc3 Nc6 5. Nf3 a6 6. Be2 Qc7 7. 0-0 b5 8. d4 cxd4 9. Nxd4 Bb7 10. Nxc6 Bxc6 11. Bf3 Be7 12. Re1 0-0 13. e5 Ne8 14. Bxc6 Qxc6 15. Ne4 f5 16. exf6 Nxf6 17. Nxf6+ Bxf6 18. Bxf6 Rxf6 19. Qd3 d5 20. Re2 Raf8 21. Rae1 Qb6 22. Qd2 Rc8 23. Kh1 Rcf8 24. f3 b4 25. c4 dxc4 26. bxc4 Rd8 27. Qc2 a5 28. Re5 Rd4 29. Rh5 Rg6 30. Rb5 Qd8 31. c5 e5 32. c6 Qc7 33. Qb3+ Kf8 34. Rbxe5 Qxc6 35. Re8+ Qxe8 36. Rxe8+ Kxe8 37. Qe3+ 1-0